Mạch đếm thập phân

Đã lưu trong:
書目詳細資料
主要作者: Võ Thành Long
格式: 圖書
語言:Undetermined
出版: Cần Thơ Viện Đại Học Cần Thơ - Đại Học Khoa Học - Ban Khoa Học ứng Dụng 1973
主題:
標簽: 添加標簽
沒有標簽, 成為第一個標記此記錄!
Thư viện lưu trữ: Trung tâm Học liệu Trường Đại học Cần Thơ
LEADER 00629nam a2200181Ia 4500
001 CTU_33864
008 210402s9999 xx 000 0 und d
082 |a 621.381 
082 |b L431 
100 |a Võ Thành Long 
245 0 |a Mạch đếm thập phân 
245 0 |c Võ Thành Long, Quách Văn Nghị 
260 |a Cần Thơ 
260 |b Viện Đại Học Cần Thơ - Đại Học Khoa Học - Ban Khoa Học ứng Dụng 
260 |c 1973 
650 |a electric circuits,electronics,semiconductors,transistor 
904 |i Minh, 991112 
980 |a Trung tâm Học liệu Trường Đại học Cần Thơ